LDR 01008nam a2200265 i 4500 001 000000021807 003 CaOOAMICUS 005 20220201160905.0 008 180830n it u000 u ita u 040 $aSeMil$bita 100 0 $aGregorius I,$c
.$0(OLS)http://semarc/name/465 245 13$aLe lettere /$cS. Gregorio Magno. 260 $aSiena :$bCantagalli,$c[19--?] 300 $av. ;$c18 cm. 650 4$aGregorio : Magno
- Lettere.$0(OLS)http://semarc/subject/3432 774 0 $tVol. 1.$kClassici cristiani$w()180909 774 0 $tVol. 2.$kClassici cristiani$w()180911 830 2$aI classici cristiani.$0(OLS)http://semarc/title/386 900 0 $aGregorio : Magno$c
. 900 0 $aGregorio I$c
. 996 $6245$aLe lettere$9(OLS)http://semarc/title/1783 996 $6260$aSiena :$bCantagalli$9(OLS)http://semarc/publisher/29767